<?xml version="1.0" encoding="UTF-8"?><?xml-stylesheet type="text/xsl" href="static/style.xsl"?><OAI-PMH xmlns="http://www.openarchives.org/OAI/2.0/" xmlns:xsi="http://www.w3.org/2001/XMLSchema-instance" xsi:schemaLocation="http://www.openarchives.org/OAI/2.0/ http://www.openarchives.org/OAI/2.0/OAI-PMH.xsd"><responseDate>2026-04-27T12:58:27Z</responseDate><request verb="GetRecord" identifier="oai:uvadoc.uva.es:10324/70836" metadataPrefix="marc">https://uvadoc.uva.es/oai/request</request><GetRecord><record><header><identifier>oai:uvadoc.uva.es:10324/70836</identifier><datestamp>2025-07-23T09:02:07Z</datestamp><setSpec>com_10324_38</setSpec><setSpec>col_10324_787</setSpec></header><metadata><record xmlns="http://www.loc.gov/MARC21/slim" xmlns:doc="http://www.lyncode.com/xoai" xmlns:xsi="http://www.w3.org/2001/XMLSchema-instance" xmlns:dcterms="http://purl.org/dc/terms/" xsi:schemaLocation="http://www.loc.gov/MARC21/slim http://www.loc.gov/standards/marcxml/schema/MARC21slim.xsd">
<leader>00925njm 22002777a 4500</leader>
<datafield tag="042" ind1=" " ind2=" ">
<subfield code="a">dc</subfield>
</datafield>
<datafield tag="720" ind1=" " ind2=" ">
<subfield code="a">Pérez Gusano, Lara</subfield>
<subfield code="e">author</subfield>
</datafield>
<datafield tag="260" ind1=" " ind2=" ">
<subfield code="c">2024</subfield>
</datafield>
<datafield tag="520" ind1=" " ind2=" ">
<subfield code="a">En este máster se expone un plan de mediación para la resolución de conflictos &#xd;
interpersonales de los residentes en los centros gerontológicos de la Comunidad &#xd;
Autónoma de Castilla y León. La mediación en la gestión de los conflictos es un medio &#xd;
positivo y colaborativo de (re)construir la (con)vivencia en el ámbito residencial. Los &#xd;
planes de mediación generan procesos con los que se mejora la convivencia, el bienestar &#xd;
y la calidad de vida de los y las residentes en los centros gerontológicos.</subfield>
</datafield>
<datafield tag="024" ind2=" " ind1="8">
<subfield code="a">https://uvadoc.uva.es/handle/10324/70836</subfield>
</datafield>
<datafield tag="245" ind1="0" ind2="0">
<subfield code="a">La mediación en la resolución de conflictos en los centros gerontológicos</subfield>
</datafield>
</record></metadata></record></GetRecord></OAI-PMH>